=LDR 00000nam 2200000 4500 =001 INLIS000000000013375 =005 20130612104759 =008 ***********************************Ind** =035 ##$$a0010-061300000013375 =041 ##$$a Ind =082 ##$$a 155.28 =090 ##$$a 155.28, Han t =100 ##$$a Hanster, Peter =245 ##$$a Tes keperibadian, Peter Hauster; Terjemahan D.H.Sulo =260 ##$$a 2003 $b Jakarta =300 ##$$a 109 hlm, Ilus, 21 cm =650 ##$$a Keperibadian =850 ##$$a NBPNMAT =990 ##$$a 21400255/BPAP-NTB/2014 =990 ##$$a 0001/BPAP-NTB/20142014